000 00488nam a2200169Ia 4500
999 _c22232
_d22232
003 OSt
005 20200213123217.0
008 190216s9999||||xx |||||||||||||| ||und||
040 _coclc
082 _a956
_bKUN/A
100 _aKunji, P K Muhammad
_91955
245 0 _aArabisahityacharithram /
_cP K Muhammad Kunji
260 _bNational Book Stall,
_c1988.
_aKottayam:
300 _a169p
650 _xIslamic History
942 _cBK
_2ddc
_h956
_iKUN/A
_k956
_mKUN/A